[Event "Chioggia op-B 06th"]
[Site "Chioggia"]
[Date "2011.10.07"]
[Round "1"]
[White "Boscolo Nata, Federica"]
[Black "De Marchi, Alessandro"]
[Result "0-1"]
[WhiteElo "1425"]
[BlackElo "1693"]
[PlyCount "60"]
[EventDate "2011.10.07"]
[EventType "swiss"]
[EventRounds "5"]
[EventCountry "ITA"]
[SourceTitle "EXT 2022"]
[Source "ChessBase"]
[SourceDate "2021.10.06"]
[SourceVersion "1"]
[SourceVersionDate "2021.10.06"]
[SourceQuality "1"]

1. e4 c5 2. Nf3 e6 3. Bb5 a6 4. Ba4 b5 5. Bb3 c4 6. Bxc4 bxc4 7. 0-0 Nc6 8. h3 d6 9. d3 cxd3 10. cxd3 Nf6 11. Nc3 Be7 12. Re1 0-0 13. Bg5 Nd7 14. Be3 Rb8 15. Rb1 Bf6 16. d4 a5 17. b3 Ba6 18. Rc1 Nb4 19. Rb1 Nd3 20. Rf1 Qc7 21. Bd2 Rbc8 22. Qc2 Nb4 23. Qb2 Bxf1 24. Rxf1 Qa7 25. Be3 Qa6 26. Ne2 Rc2 27. Qb1 Rxe2 28. Qc1 Rc8 29. Qd1 Rxa2 30. Nh2 Qd3 0-1